Every Communist Country Ever - Statistics

General Stats
  • This quiz has been taken 73 times
  • The average score is 10 of 15
Answer Stats
Span Country % Correct
1975-Present China
97%
1922-1991 Soviet Union
97%
1976-Present Vietnam
91%
1976-Present Cuba
86%
1972-Present North Korea
86%
1963-1992 Yugoslavia
75%
1965-1989 Romania
69%
1976-1989 Poland
66%
1971-1991 Bulgaria
64%
1960-1990 Czechoslovakia
61%
1968-1990 East Germany
61%
1976-1991 Albania
55%
1972-1989 Hungary
55%
1960-1990 Mongolia
53%
1969-1991 Somalia
27%
No matching quizzes found
Score Distribution
Percent of People with Each Score
Percentile by Number Answered
Your Score History
You have not taken this quiz